| Tag |
First Indicator |
Second Indicator |
Subfields |
| LEADER |
00000cam a22000001 4500 |
| 001 |
in00000049611 |
| 005 |
20151007073653.0 |
| 008 |
740625s1967 enkabcf b 10010 eng |
| 010 |
|
|
|a 66027642
|
| 035 |
|
|
|a (OCoLC)01304844
|
| 035 |
|
|
|9 AAF0148AM
|
| 040 |
|
|
|a DLC
|c DLC
|d TXA
|d UtOrBLW
|
| 049 |
|
|
|a TXAM
|c [467176]
|
| 050 |
0 |
0 |
|a SD425
|b .S66 1967
|
| 082 |
0 |
|
|a 581.522
|
| 092 |
|
|
|a 581.522
|b S712f, 1967
|
| 100 |
1 |
|
|a Sopper, William E.
|
| 245 |
1 |
0 |
|a Forest hydrology ;
|b proceedings of a National Science Foundation advanced science seminar held at the Pennsylvania State University, University Park, Pennsylvania, Aug. 29-Sept. 10, 1965 /
|c Edited by William E. Sopper and Howard W. Lull.
|
| 250 |
|
|
|a [1st ed.].
|
| 264 |
|
1 |
|a Oxford,
|a New York :
|b Symposium Publications Division, Pergamon Press,
|c [1967]
|
| 300 |
|
|
|a xv, 813 pages :
|b illustrations, maps, plates, group portrait ;
|c 27 cm.
|
| 336 |
|
|
|a text
|b txt
|2 rdacontent
|
| 337 |
|
|
|a unmediated
|b n
|2 rdamedia
|
| 338 |
|
|
|a volume
|b nc
|2 rdacarrier
|
| 500 |
|
|
|a "The seminar was sponsored by the School of Forest Resources of the University, the Northeastern Forest Experiment Station of the U.S. Forest Service, the International Association of Scientific Hydrology, and Section II: Forest Influences and Watershed Management of the International Union of Forestry Research Associations."
|
| 504 |
|
|
|a Includes bibliographies.
|
| 650 |
|
0 |
|a Forest influences
|x Congresses.
|
| 650 |
|
0 |
|a Forests and forestry
|x Research
|x Congresses.
|
| 700 |
1 |
|
|a Lull, Howard William,
|d 1915-
|
| 710 |
2 |
|
|a National Science Foundation (U.S.)
|
| 710 |
2 |
|
|a Pennsylvania State University.
|b School of Forest Resources.
|
| 999 |
|
|
|a MARS
|
| 999 |
f |
f |
|s ec3581e4-4f6e-37e0-851b-6301aac88736
|i 6a55aa74-1fa0-375a-ac4b-71b397d487b7
|t 0
|
| 952 |
f |
f |
|p ric
|a Texas A&M University
|b Rellis Campus
|c Joint Library Facility
|d Remote Storage
|t 0
|e SD425 .S66 1967
|h Library of Congress classification
|i unmediated -- volume
|m A14800990804
|
| 998 |
f |
f |
|a SD425 .S66 1967
|t 0
|l Remote Storage
|